[Event "4th GRENKE Open 2019"]
[Site "Karlsruhe"]
[Date "2019.04.21"]
[Round "6.41"]
[White "Yi, Danny"]
[Black "Monroy, Charles"]
[Result "0-1"]
[WhiteElo "2105"]
[BlackElo "2433"]
[Annotator "NA"]
[PlyCount "86"]
[EventDate "2019.04.18"]
[EventType "swiss"]
[EventCountry "GER"]
[SourceTitle "playchess.com"]
[Source "ChessBase"]
[SourceQuality "1"]

1. e4 e5 2. Nf3 Nc6 3. Bc4 Nf6 4. d3 Be7 5. O-O O-O 6. Re1 d6 7. c3 Na5 8. Bb5 a6 9. Ba4 c5 10. Nbd2 Qc7 11. Nf1 h6 12. h3 Be6 13. N3h2 d5 14. Qf3 b5 15. Bc2 d4 16. Ng3 Rad8 17. Ng4 Nxg4 18. hxg4 Bg5 19. Bxg5 hxg5 20. Nf5 g6 21. Ng3 f6 22. Qe2 c4 23. cxd4 Rxd4 24. dxc4 Qxc4 25. a4 b4 26. Rad1 Rfd8 27. Qf3 Kg7 28. Rc1 Rd2 29. Red1 Qa2 30. Rxd2 Rxd2 31. Qe3 Nc4 32. Qa7+ Bf7 33. Bd1 Rxb2 34. Nf1 Rb1 35. Rc2 Qb3 36. Rc1 Qa2 37. Rc2 Qxa4 38. Qe7 Rxd1 39. Rxc4 Rxf1+ 40. Kh2 Qe8 41. Qa7 Qh8+ 42. Kg3 Qh4+ 43. Kf3 Qxf2+ 0-1

[Event "4th GRENKE Open 2019"]
[Site "Karlsruhe"]
[Date "2019.04.21"]
[Round "6.42"]
[White "Kilgus, Georg"]
[Black "Kivisto, Mikko"]
[Result "1/2-1/2"]
[WhiteElo "2429"]
[BlackElo "2253"]
[Annotator "NA"]
[PlyCount "44"]
[EventDate "2019.04.18"]
[EventType "swiss"]
[EventCountry "GER"]
[SourceTitle "playchess.com"]
[Source "ChessBase"]
[SourceQuality "1"]

1. Nf3 f5 2. d3 d6 3. e4 e5 4. Nc3 Nf6 5. exf5 Bxf5 6. d4 e4 7. Nh4 Bc8 8. d5 Be7 9. h3 O-O 10. g4 Nbd7 11. g5 Ne5 12. Be3 c6 13. Rg1 Nfg4 14. hxg4 Bxg5 15. Bxg5 Qxg5 16. Rh1 Bxg4 17. Qd2 Qe7 18. Be2 Bxe2 19. Qxe2 Rf4 20. O-O-O Rxh4 21. Rxh4 Qxh4 22. dxc6 Nxc6 1/2-1/2

[Event "4th GRENKE Open 2019"]
[Site "Karlsruhe"]
[Date "2019.04.21"]
[Round "6.44"]
[White "Bosiocic, Marin"]
[Black "Loos, Roland"]
[Result "1-0"]
[WhiteElo "2613"]
[BlackElo "2328"]
[Annotator "ChessBase"]
[PlyCount "63"]
[EventDate "2019.04.18"]
[EventType "swiss"]
[EventCountry "GER"]
[SourceTitle "playchess.com"]
[Source "ChessBase"]
[SourceQuality "1"]

1. e4 e6 2. d4 d5 3. Nc3 Nf6 4. e5 Nfd7 5. f4 c5 6. Nf3 Nc6 7. Be3 Be7 8. Qd2 b6 9. Be2 Bb7 10. O-O O-O 11. Nd1 Rc8 12. Nf2 a6 13. c3 Qc7 14. Bd3 cxd4 15. cxd4 Nb4 16. Rac1 Qb8 17. Bb1 Rxc1 18. Rxc1 Rc8 19. Rf1 Rc7 20. f5 exf5 21. Bxf5 Nf8 22. Bg5 Qe8 23. Qf4 Ne6 24. Bxe6 fxe6 25. Ng4 Bf8 26. Qg3 Qg6 27. Bf6 Rc8 28. Nh4 Qd3 29. Nh6+ Kh8 30. Qg4 Qe3+ 31. Kh1 Qxh6 32. Bg5 1-0

[Event "4th GRENKE Open 2019"]
[Site "Karlsruhe"]
[Date "2019.04.21"]
[Round "6.45"]
[White "De Boer, Eelke"]
[Black "Bernadskiy, Vitaliy"]
[Result "0-1"]
[WhiteElo "2338"]
[BlackElo "2587"]
[Annotator "ChessBase"]
[PlyCount "116"]
[EventDate "2019.04.18"]
[EventType "swiss"]
[EventCountry "GER"]
[SourceTitle "playchess.com"]
[Source "ChessBase"]
[SourceQuality "1"]

1. e4 c5 2. Nf3 d6 3. d4 cxd4 4. Nxd4 Nf6 5. Nc3 Nc6 6. Bg5 e6 7. Qd2 a6 8. O-O-O Bd7 9. f3 Be7 10. h4 h6 11. Be3 h5 12. Bg5 Nxd4 13. Qxd4 b5 14. Kb1 Qc7 15. Be2 Rb8 16. Rd2 Bc6 17. Re1 O-O 18. Nd1 Rfd8 19. Ne3 b4 20. Qc4 Rb7 21. Red1 a5 22. e5 d5 23. Qd4 Nh7 24. Bxe7 Qxe7 25. Rh1 Bb5 26. Bxb5 Rxb5 27. g4 a4 28. gxh5 b3 29. cxb3 Rb4 30. Qd3 axb3 31. a3 Rxh4 32. Rxh4 Qxh4 33. Qxb3 Qxh5 34. f4 Qh1+ 35. Ka2 Nf8 36. Rd4 Ng6 37. a4 Rc8 38. a5 Ne7 39. a6 Qc1 40. Rb4 Nc6 41. Ra4 Qc5 42. Nc2 Ra8 43. Qd3 Qb6 44. b4 Rc8 45. b5 Na5 46. Nd4 Nc4 47. Kb3 g6 48. Qd1 Kg7 49. a7 Ra8 50. Qa1 Qc5 51. Ra2 Qe7 52. Nc6 Qc5 53. Nd4 Kg8 54. Kc3 Nb2+ 55. Kxb2 Qxd4+ 56. Kb1 Qd3+ 57. Rc2 Qxb5+ 58. Kc1 Qf1+ 0-1

[Event "4th GRENKE Open 2019"]
[Site "Karlsruhe"]
[Date "2019.04.21"]
[Round "6.46"]
[White "Buhmann, Rainer"]
[Black "Daggupati, Balaji"]
[Result "1/2-1/2"]
[WhiteElo "2581"]
[BlackElo "2326"]
[Annotator "ChessBase"]
[PlyCount "82"]
[EventDate "2019.04.18"]
[EventType "swiss"]
[EventCountry "GER"]
[SourceTitle "playchess.com"]
[Source "ChessBase"]
[SourceQuality "1"]

1. e4 e5 2. Nf3 Nc6 3. Bb5 a6 4. Ba4 Nf6 5. O-O Be7 6. Re1 b5 7. Bb3 d6 8. a4 Bd7 9. c3 Na5 10. Bc2 c5 11. d4 Nc6 12. d5 Na5 13. b3 O-O 14. Nbd2 Qc7 15. Nf1 c4 16. bxc4 Nxc4 17. Ng3 g6 18. Nd2 Rfc8 19. axb5 axb5 20. Rxa8 Rxa8 21. Nxc4 Qxc4 22. Bd2 Bd8 23. Bb3 Qc5 24. h3 Ra3 25. Qc2 Qa7 26. Rf1 Bb6 27. Bg5 Ne8 28. Bc1 Ra1 29. Bh6 Rxf1+ 30. Nxf1 f5 31. exf5 Bxf5 32. Qe2 Qf7 33. Ne3 Bd7 34. Ng4 Nf6 35. Nxf6+ Qxf6 36. Qd2 Qh4 37. Be3 Bxe3 38. Qxe3 Qf4 39. Qb6 Kf7 40. Qxd6 Qc1+ 41. Kh2 Qf4+ 1/2-1/2

[Event "4th GRENKE Open 2019"]
[Site "Karlsruhe"]
[Date "2019.04.21"]
[Round "6.47"]
[White "Schroeder, Jan-Christian"]
[Black "Hilverda, Alexander"]
[Result "1/2-1/2"]
[WhiteElo "2577"]
[BlackElo "2326"]
[Annotator "ChessBase"]
[PlyCount "150"]
[EventDate "2019.04.18"]
[EventType "swiss"]
[EventCountry "GER"]
[SourceTitle "playchess.com"]
[Source "ChessBase"]
[SourceQuality "1"]

1. e4 e5 2. Nf3 Nc6 3. Bc4 Nf6 4. d3 Be7 5. O-O O-O 6. Re1 d6 7. a3 Na5 8. Ba2 c5 9. b4 Nc6 10. bxc5 dxc5 11. Nbd2 Bd6 12. Nc4 h6 13. c3 Bc7 14. Ne3 Be6 15. Bxe6 fxe6 16. Qb3 Qd7 17. Qxb7 Rab8 18. Qa6 Rb6 19. Qa4 Nd4 20. Qxd7 Nxf3+ 21. gxf3 Nxd7 22. Kg2 Rd6 23. Rd1 Nb6 24. a4 Rfd8 25. a5 Nc8 26. Nc4 Rxd3 27. Rxd3 Rxd3 28. Ra3 a6 29. Be3 Na7 30. Nb2 Rd8 31. c4 Nc6 32. Bxc5 Nxa5 33. Be3 Rb8 34. Ra2 Kf7 35. Kf1 Ra8 36. Ke2 Nc6 37. c5 a5 38. Nc4 Rb8 39. Nb6 Ke7 40. Ra1 Nd4+ 41. Kd3 Bxb6 42. cxb6 Rxb6 43. Rxa5 Rb3+ 44. Kc4 Rb2 45. Ra7+ Kf6 46. f4 Nf3 47. fxe5+ Kxe5 48. Rf7 Rc2+ 49. Kb3 Ne1 50. Rxg7 Kxe4 51. Rg6 e5 52. Rxh6 Rc8 53. Bb6 Nd3 54. Rh3 Nf4 55. Rh6 Nd3 56. h4 Rf8 57. h5 Nxf2 58. Rg6 Nd3 59. Bc7 Kf5 60. Rg7 Nc5+ 61. Kb4 Ne6 62. Rd7 Rh8 63. Bb6 Rxh5 64. Kc4 Rh1 65. Re7 Nf4 66. Be3 Rd1 67. Re8 Ke4 68. Ba7 Rc1+ 69. Kb3 Kd5 70. Rd8+ Ke4 71. Re8 Nd3 72. Rd8 Rc6 73. Re8 Nf4 74. Bb8 Ne6 75. Ba7 Nd4+ 1/2-1/2

[Event "4th GRENKE Open 2019"]
[Site "Karlsruhe"]
[Date "2019.04.21"]
[Round "6.48"]
[White "Goluch, Piotr"]
[Black "Wagner, Dennis"]
[Result "0-1"]
[WhiteElo "2337"]
[BlackElo "2577"]
[Annotator "ChessBase"]
[PlyCount "84"]
[EventDate "2019.04.18"]
[EventType "swiss"]
[EventCountry "GER"]
[SourceTitle "playchess.com"]
[Source "ChessBase"]
[SourceQuality "1"]

1. d4 Nf6 2. c4 g6 3. g3 Bg7 4. Bg2 O-O 5. Nf3 d5 6. cxd5 Nxd5 7. O-O Nc6 8. e3 Re8 9. Re1 Nb6 10. Nc3 a5 11. Qe2 Be6 12. Rd1 Bc4 13. Qe1 Nb4 14. Rd2 a4 15. a3 Nc6 16. Ne5 Nxe5 17. dxe5 Qc8 18. f4 c6 19. Ne4 Bd5 20. Ng5 Bxg2 21. Kxg2 f6 22. Nf3 fxe5 23. Rc2 e4 24. Ng5 e5 25. Bd2 exf4 26. exf4 h6 27. Nh3 e3 28. Bc3 Qf5 29. Re2 Qe4+ 30. Kg1 Rad8 31. Bxg7 Kxg7 32. Qc3+ Qd4 33. Qxd4+ Rxd4 34. Rae1 Nc4 35. Kg2 Rd2 36. Kf3 b5 37. Ng1 Rxb2 38. Rxb2 Nxb2 39. Ne2 Nc4 40. Nd4 Nxa3 41. Nxc6 Nc2 42. Re2 a3 0-1

[Event "4th GRENKE Open 2019"]
[Site "Karlsruhe"]
[Date "2019.04.21"]
[Round "6.49"]
[White "Sylvan, Jacob"]
[Black "Werle, Jan"]
[Result "0-1"]
[WhiteElo "2321"]
[BlackElo "2556"]
[Annotator "ChessBase"]
[PlyCount "54"]
[EventDate "2019.04.18"]
[EventType "swiss"]
[EventCountry "GER"]
[SourceTitle "playchess.com"]
[Source "ChessBase"]
[SourceQuality "1"]

1. e4 e6 2. d4 d5 3. Nc3 Nf6 4. e5 Nfd7 5. f4 c5 6. Nf3 Nc6 7. Be3 Be7 8. Qd2 O-O 9. dxc5 Nxc5 10. O-O-O a6 11. Qf2 b6 12. Kb1 Qc7 13. f5 Kh8 14. f6 gxf6 15. exf6 Bxf6 16. Ng5 Bxc3 17. bxc3 f6 18. Bd3 Nxd3 19. Rxd3 Ne5 20. Qg3 Qg7 21. Rd4 fxg5 22. Bxg5 Bd7 23. Rh4 Rf5 24. Bh6 Qxg3 25. hxg3 Ng6 26. Bg7+ Kg8 27. Rxh7 Rf7 0-1

[Event "4th GRENKE Open 2019"]
[Site "Karlsruhe"]
[Date "2019.04.21"]
[Round "6.50"]
[White "Hakobyan, Aram"]
[Black "Frischmann, Rick"]
[Result "1-0"]
[WhiteElo "2554"]
[BlackElo "2317"]
[Annotator "ChessBase"]
[PlyCount "57"]
[EventDate "2019.04.18"]
[EventType "swiss"]
[EventCountry "GER"]
[SourceTitle "playchess.com"]
[Source "ChessBase"]
[SourceQuality "1"]

1. e4 c5 2. Nf3 Nc6 3. Nc3 d6 4. d4 cxd4 5. Nxd4 Nf6 6. Bg5 e6 7. Qd2 a6 8. O-O-O Bd7 9. f4 b5 10. Bxf6 gxf6 11. Nxc6 Bxc6 12. Bd3 b4 13. Ne2 Qb6 14. Kb1 h5 15. Qe1 h4 16. g4 a5 17. Rf1 a4 18. Qf2 Qc5 19. Nd4 Bd7 20. f5 e5 21. Nb5 Rc8 22. c4 Qxf2 23. Rxf2 Bxb5 24. cxb5 d5 25. b6 Rc5 26. Rc2 b3 27. axb3 axb3 28. Rc3 Rxc3 29. Bb5+ 1-0

[Event "4th GRENKE Open 2019"]
[Site "Karlsruhe"]
[Date "2019.04.21"]
[Round "6.51"]
[White "Noe, Christopher"]
[Black "Ruff, Maximilian"]
[Result "1-0"]
[WhiteElo "2537"]
[BlackElo "2313"]
[Annotator "ChessBase"]
[PlyCount "139"]
[EventDate "2019.04.18"]
[EventType "swiss"]
[EventCountry "GER"]
[SourceTitle "playchess.com"]
[Source "ChessBase"]
[SourceQuality "1"]

1. c4 e6 2. d4 d5 3. e3 Nf6 4. Nf3 a6 5. Nbd2 c5 6. dxc5 Bxc5 7. a3 dxc4 8. Bxc4 O-O 9. O-O b5 10. Be2 Bb7 11. a4 Qb6 12. axb5 axb5 13. Rxa8 Bxa8 14. Qb3 b4 15. Ne5 Nc6 16. Nec4 Qa7 17. Qc2 Rc8 18. b3 Qb8 19. Bb2 Be7 20. Bf3 Na7 21. Ra1 Bxf3 22. Nxf3 Nb5 23. Nfe5 Qb7 24. Rc1 Rc7 25. Qd3 Qd5 26. Ra1 Rc8 27. Kf1 Qxd3+ 28. Nxd3 Nd5 29. Ra5 Nd6 30. Nxd6 Bxd6 31. e4 Nf4 32. Nxf4 Bxf4 33. Be5 Bxe5 34. Rxe5 g6 35. Rb5 Rc2 36. Rxb4 Rb2 37. g3 g5 38. h3 h5 39. Rb5 f6 40. Rb7 Kf8 41. b4 Ke8 42. b5 e5 43. b6 Kd8 44. Rb8+ Kd7 45. b7 g4 46. Kg2 Rb6 47. Rf8 Rxb7 48. Rf7+ Kc6 49. Rxf6+ Kc5 50. hxg4 hxg4 51. Rg6 Kd4 52. Rxg4 Rb2 53. Rg8 Kxe4 54. Rf8 Kd5 55. g4 Ke6 56. Kg3 Ke7 57. Rf3 Ke6 58. Kh4 Rb8 59. g5 e4 60. Rf4 Ke5 61. Rf7 Ke6 62. g6 Rb5 63. Rf8 Rb1 64. g7 Rh1+ 65. Kg5 Rg1+ 66. Kh6 Rh1+ 67. Kg6 Rg1+ 68. Kh7 Rh1+ 69. Kg8 Ke7 70. Rf4 1-0

[Event "4th GRENKE Open 2019"]
[Site "Karlsruhe"]
[Date "2019.04.21"]
[Round "6.52"]
[White "Kulkarni, Rakesh"]
[Black "Shyam, Sundar M."]
[Result "1/2-1/2"]
[WhiteElo "2334"]
[BlackElo "2519"]
[Annotator "ChessBase"]
[PlyCount "95"]
[EventDate "2019.04.18"]
[EventType "swiss"]
[EventCountry "GER"]
[SourceTitle "playchess.com"]
[Source "ChessBase"]
[SourceQuality "1"]

1. e4 c5 2. c3 e6 3. d4 d5 4. exd5 exd5 5. Nf3 Nc6 6. h3 Nf6 7. Bd3 c4 8. Bc2 Bd6 9. O-O O-O 10. b3 cxb3 11. axb3 h6 12. Re1 Re8 13. Nbd2 Bd7 14. Nf1 Rxe1 15. Nxe1 Ne4 16. Qf3 Qe7 17. Bb2 Re8 18. Ne3 Qg5 19. Nd3 Ne7 20. Ba3 Bxa3 21. Rxa3 Nc6 22. b4 Nxc3 23. Rxc3 Nxd4 24. Qd1 Bxh3 25. Ne1 Nxc2 26. Rxc2 Bf5 27. Rc7 Be4 28. Qd4 h5 29. f3 h4 30. Nf1 Bg6 31. Kf2 a6 32. Rc3 b6 33. Re3 Rxe3 34. Nxe3 Qg3+ 35. Ke2 h3 36. gxh3 Qh2+ 37. Kd1 Qxh3 38. Nxd5 Bh5 39. Qd3 Qh4 40. Qe3 a5 41. bxa5 bxa5 42. Ne7+ Kh7 43. Qd3+ g6 44. Nd5 a4 45. Qc3 Qd8 46. Qd4 Kh6 47. Qf4+ g5 48. Qf6+ 1/2-1/2

[Event "4th GRENKE Open 2019"]
[Site "Karlsruhe"]
[Date "2019.04.21"]
[Round "6.53"]
[White "Admiraal, Miguoel"]
[Black "Svane, Frederik"]
[Result "1-0"]
[WhiteElo "2516"]
[BlackElo "2309"]
[Annotator "ChessBase"]
[PlyCount "64"]
[EventDate "2019.04.18"]
[EventType "swiss"]
[EventCountry "GER"]
[SourceTitle "playchess.com"]
[Source "ChessBase"]
[SourceQuality "1"]

1. d4 Nf6 2. Bg5 c5 3. Bxf6 exf6 4. c3 d5 5. dxc5 Bxc5 6. e3 O-O 7. Nd2 Nc6 8. Ngf3 Be6 9. Nb3 Bd6 10. g3 f5 11. Bg2 Qf6 12. O-O g5 13. Nbd4 Rad8 14. Qa4 Nxd4 15. Qxd4 Qxd4 16. Nxd4 f4 17. exf4 gxf4 18. Rad1 fxg3 19. hxg3 Bc5 20. Rd2 Bb6 21. Bf3 Rd6 22. Rfd1 Rfd8 23. Kg2 a6 24. Rh1 Rc8 25. Bd1 Bxd4 26. Rxd4 Rc4 27. Rhh4 Rxd4 28. Rxd4 Kg7 29. Bb3 Kf6 30. Kf3 h6 31. c4 Ke5 32. Ke3 dxc4 1-0

[Event "4th GRENKE Open 2019"]
[Site "Karlsruhe"]
[Date "2019.04.21"]
[Round "6.54"]
[White "Manea, Alexandru"]
[Black "Dragnev, Valentin"]
[Result "1/2-1/2"]
[WhiteElo "2326"]
[BlackElo "2514"]
[Annotator "ChessBase"]
[PlyCount "77"]
[EventDate "2019.04.18"]
[EventType "swiss"]
[EventCountry "GER"]
[SourceTitle "playchess.com"]
[Source "ChessBase"]
[SourceQuality "1"]

1. Nf3 Nf6 2. c4 c5 3. Nc3 Nc6 4. e3 e6 5. d4 d5 6. a3 dxc4 7. Bxc4 a6 8. O-O b5 9. Bd3 Bb7 10. dxc5 Bxc5 11. b4 Bd6 12. Bb2 Ne5 13. Nxe5 Bxe5 14. f4 Bd6 15. e4 Be7 16. e5 Nd5 17. Nxd5 Bxd5 18. f5 Qb6+ 19. Kh1 O-O-O 20. Qe2 Qb7 21. fxe6 fxe6 22. Rf7 h5 23. Raf1 h4 24. h3 g5 25. Rg7 Rhe8 26. Bc1 Bxg2+ 27. Qxg2 Qxg2+ 28. Kxg2 Rxd3 29. Rff7 Rg3+ 30. Kh2 Rc3 31. Bxg5 Bxg5 32. Rxg5 Rxa3 33. Rgg7 Ra2+ 34. Kh1 Rd8 35. Rc7+ Kb8 36. Rb7+ Ka8 37. Ra7+ Kb8 38. Rab7+ Ka8 39. Ra7+ 1/2-1/2

[Event "4th GRENKE Open 2019"]
[Site "Karlsruhe"]
[Date "2019.04.21"]
[Round "6.55"]
[White "Zanan, Evgeny"]
[Black "Kueppers, Timo"]
[Result "1-0"]
[WhiteElo "2510"]
[BlackElo "2302"]
[Annotator "ChessBase"]
[PlyCount "70"]
[EventDate "2019.04.18"]
[EventType "swiss"]
[EventCountry "GER"]
[SourceTitle "playchess.com"]
[Source "ChessBase"]
[SourceQuality "1"]

1. d4 Nf6 2. c4 g6 3. Nc3 Bg7 4. e4 d6 5. Be2 O-O 6. Be3 c5 7. d5 e6 8. Nf3 exd5 9. cxd5 Re8 10. Nd2 Na6 11. O-O Nc7 12. a4 b6 13. Re1 Ba6 14. h3 Bxe2 15. Rxe2 Rb8 16. Nc4 b5 17. Na5 Ncxd5 18. Nc6 Nxe3 19. Rxe3 Qc8 20. Nxb8 b4 21. Nb5 Qxb8 22. Qxd6 Qxd6 23. Nxd6 Rd8 24. e5 Nd5 25. Ree1 Nf4 26. Rad1 Ne6 27. g3 Nd4 28. Kg2 Rd7 29. Nb5 Kf8 30. Nxd4 cxd4 31. Re4 a5 32. Rexd4 Rxd4 33. Rxd4 Bxe5 34. Rd2 Ke7 35. Kf3 Ke6 1-0

[Event "4th GRENKE Open 2019"]
[Site "Karlsruhe"]
[Date "2019.04.21"]
[Round "6.56"]
[White "Hristodoulou, Panagiotis"]
[Black "Lobron, Eric"]
[Result "0-1"]
[WhiteElo "2315"]
[BlackElo "2508"]
[Annotator "ChessBase"]
[PlyCount "79"]
[EventDate "2019.04.18"]
[EventType "swiss"]
[EventCountry "GER"]
[SourceTitle "playchess.com"]
[Source "ChessBase"]
[SourceQuality "1"]

1. e4 c6 2. Nc3 d5 3. d3 e5 4. Nf3 Nf6 5. Bd2 Bd6 6. g3 O-O 7. Bg2 dxe4 8. Nxe4 Nxe4 9. dxe4 Na6 10. Qe2 Qb6 11. b3 Nc5 12. O-O a5 13. Bc3 Qc7 14. a4 Bg4 15. h3 Bh5 16. Qc4 Rfe8 17. Nh4 Bf8 18. Bf3 Bxf3 19. Nxf3 b6 20. Rfd1 Nb7 21. Kg2 Nd6 22. Qe2 f6 23. h4 h5 24. Nd2 Qf7 25. Nf1 Ra7 26. f3 f5 27. Rd3 Re6 28. exf5 Qxf5 29. Re3 e4 30. fxe4 Nxe4 31. Re1 Rae7 32. Bb2 Qd5 33. Kh2 Re8 34. Qf3 g6 35. Rd3 Qc5 36. c4 Ng5 37. hxg5 Rxe1 38. Bd4 Qxg5 39. Ne3 h4 40. Qxc6 0-1

[Event "4th GRENKE Open 2019"]
[Site "Karlsruhe"]
[Date "2019.04.21"]
[Round "6.57"]
[White "Nyysti, Sampsa"]
[Black "Schneider, Ilja"]
[Result "1-0"]
[WhiteElo "2309"]
[BlackElo "2504"]
[Annotator "ChessBase"]
[PlyCount "51"]
[EventDate "2019.04.18"]
[EventType "swiss"]
[EventCountry "GER"]
[SourceTitle "playchess.com"]
[Source "ChessBase"]
[SourceQuality "1"]

1. e4 e5 2. Nf3 d6 3. d4 exd4 4. Nxd4 Nf6 5. Nc3 Be7 6. Be2 O-O 7. Bf4 Nc6 8. Qd2 Nxd4 9. Qxd4 Bg4 10. f3 Be6 11. O-O-O a6 12. g4 c5 13. Qd2 b5 14. g5 b4 15. Na4 Nh5 16. Be3 Qa5 17. b3 Bd7 18. f4 Bxa4 19. bxa4 g6 20. Bc4 Qxa4 21. f5 d5 22. Bxd5 Bd6 23. Kb1 Be5 24. Bxc5 Nf4 25. Bxa8 Rxa8 26. Qd8+ 1-0

[Event "4th GRENKE Open 2019"]
[Site "Karlsruhe"]
[Date "2019.04.21"]
[Round "6.58"]
[White "Repka, Christopher"]
[Black "Seresin, Francesco"]
[Result "1-0"]
[WhiteElo "2482"]
[BlackElo "2300"]
[Annotator "ChessBase"]
[PlyCount "97"]
[EventDate "2019.04.18"]
[EventType "swiss"]
[EventCountry "GER"]
[SourceTitle "playchess.com"]
[Source "ChessBase"]
[SourceQuality "1"]

1. d4 Nf6 2. c4 g6 3. Nf3 Bg7 4. Nc3 d5 5. cxd5 Nxd5 6. Qb3 Nxc3 7. bxc3 O-O 8. Bf4 c5 9. Rd1 Qa5 10. Bd2 Qc7 11. e3 Nd7 12. Be2 e5 13. O-O b6 14. dxe5 Nxe5 15. Nxe5 Bxe5 16. f4 Bg7 17. e4 a6 18. a4 Bd7 19. f5 c4 20. Bxc4 Bxa4 21. Qxa4 b5 22. Bxf7+ Qxf7 23. Qb4 Rfe8 24. Rde1 Rac8 25. Qd6 Rcd8 26. Qf4 Be5 27. Qg5 Bf6 28. Qe3 Qg7 29. Re2 b4 30. Kh1 bxc3 31. Be1 Rd1 32. fxg6 hxg6 33. Qb6 Kh7 34. Re3 Re5 35. Qb3 Rc1 36. g4 Qe7 37. Rxc3 Rb5 38. Rh3+ Kg7 39. Qe3 Bg5 40. Bc3+ Rxc3 41. Qxc3+ Qe5 42. Rd1 Qxc3 43. Rxc3 Bf4 44. Rd7+ Kh6 45. h4 Rb2 46. Kg1 Re2 47. Rc8 Be5 48. Re7 Rxe4 49. Rh8+ 1-0

[Event "4th GRENKE Open 2019"]
[Site "Karlsruhe"]
[Date "2019.04.21"]
[Round "6.59"]
[White "Kenneskog, Theodor"]
[Black "Milov, Leonid"]
[Result "0-1"]
[WhiteElo "2306"]
[BlackElo "2474"]
[Annotator "ChessBase"]
[PlyCount "84"]
[EventDate "2019.04.18"]
[EventType "swiss"]
[EventCountry "GER"]
[SourceTitle "playchess.com"]
[Source "ChessBase"]
[SourceQuality "1"]

1. d4 f5 2. c4 Nf6 3. Nc3 e6 4. e3 d5 5. Bd3 c6 6. Nge2 Bd6 7. Qc2 O-O 8. f3 Nbd7 9. Bd2 dxc4 10. Bxc4 Nb6 11. Bd3 Nbd5 12. a3 Kh8 13. O-O-O Qe7 14. g4 fxg4 15. f4 c5 16. h3 g3 17. Nb5 g2 18. Rhg1 cxd4 19. e4 Nxf4 20. Nxf4 Bxf4 21. Bxf4 e5 22. Bd2 Bxh3 23. Bb4 Qd8 24. Bxf8 Qxf8 25. Qb3 Ng4 26. Kb1 Nf2 27. Rc1 Qf3 28. Bc4 Qxe4+ 29. Ka1 Qg6 30. Qf3 Qf6 31. Qxb7 Rd8 32. Qxa7 d3 33. Nc3 d2 34. Rb1 Qf4 35. Be2 h6 36. Nd1 Ne4 37. Qe3 Ng5 38. b4 Qf6 39. Nf2 e4+ 40. Rb2 Rc8 41. Rgb1 Rc3 42. Qa7 g1=Q 0-1

[Event "4th GRENKE Open 2019"]
[Site "Karlsruhe"]
[Date "2019.04.21"]
[Round "6.60"]
[White "Bharath Subramaniyam H"]
[Black "Henderson de La Fuente, Lance"]
[Result "0-1"]
[WhiteElo "2301"]
[BlackElo "2471"]
[Annotator "ChessBase"]
[PlyCount "82"]
[EventDate "2019.04.18"]
[EventType "swiss"]
[EventCountry "GER"]
[SourceTitle "playchess.com"]
[Source "ChessBase"]
[SourceQuality "1"]

1. e4 e6 2. d4 d5 3. Nc3 Nf6 4. Bg5 Bb4 5. Nge2 h6 6. Bxf6 Qxf6 7. a3 Ba5 8. exd5 O-O 9. b4 Bb6 10. Qd3 Rd8 11. g3 exd5 12. Bg2 Bf5 13. Qd2 Nc6 14. Rd1 Ne7 15. O-O c6 16. Rc1 Nc8 17. Nd1 Nd6 18. Ne3 Ne4 19. Qd1 Bh7 20. c4 dxc4 21. Rxc4 Nd6 22. Rc1 Nf5 23. Nxf5 Bxf5 24. d5 cxd5 25. Nc3 Be6 26. Na4 Rd7 27. Qd3 Rad8 28. Nxb6 axb6 29. Qb5 Bf5 30. h3 h5 31. Rfe1 d4 32. Re5 g6 33. Rd5 d3 34. Rd1 Rxd5 35. Bxd5 Qd4 36. Bb3 d2 37. Qe2 Bxh3 38. Qe7 Rd7 39. Qg5 Kg7 40. Rb1 Qe4 41. Rd1 Qg2# 0-1

[Event "4th GRENKE Open 2019"]
[Site "Karlsruhe"]
[Date "2019.04.21"]
[Round "6.61"]
[White "Dourerassou, Jonathan"]
[Black "Gegenfurtner, Juergen"]
[Result "1-0"]
[WhiteElo "2465"]
[BlackElo "2300"]
[Annotator "ChessBase"]
[PlyCount "107"]
[EventDate "2019.04.18"]
[EventType "swiss"]
[EventCountry "GER"]
[SourceTitle "playchess.com"]
[Source "ChessBase"]
[SourceQuality "1"]

1. e4 e5 2. Nf3 Nc6 3. Bc4 Bc5 4. c3 Nf6 5. d3 a6 6. Bb3 O-O 7. h3 h6 8. Nbd2 Re8 9. Nf1 d5 10. Qe2 Be6 11. Ng3 Qd7 12. Nh4 dxe4 13. dxe4 Bxb3 14. axb3 Rad8 15. Nhf5 Qd3 16. b4 Bf8 17. Ne3 g6 18. Ng4 Nxg4 19. hxg4 Rd7 20. Qxd3 Rxd3 21. Bxh6 Bxh6 22. Rxh6 Red8 23. Nf1 Kg7 24. Rh3 Rxh3 25. gxh3 Kf6 26. Ke2 Kg5 27. Ne3 Kf4 28. Rg1 Kg5 29. Nd5 Rd7 30. Rh1 Kh4 31. Ne3 Nd8 32. Ng2+ Kg5 33. f3 Ne6 34. h4+ Kf6 35. Ra1 g5 36. hxg5+ Nxg5 37. Rh1 Kg7 38. Ne1 Rd6 39. Rh5 f6 40. Rh1 Rd8 41. Ng2 Ne6 42. Ke3 Kg6 43. Nh4+ Kg5 44. Nf5 Nf4 45. Rh7 Rd3+ 46. Kf2 Rd2+ 47. Ke1 Rxb2 48. Rg7+ Ng6 49. Ne7 Kf4 50. Rxg6 Kxf3 51. Rxf6+ Kxe4 52. g5 Rg2 53. g6 b6 54. Kf1 1-0

[Event "4th GRENKE Open 2019"]
[Site "Karlsruhe"]
[Date "2019.04.21"]
[Round "6.62"]
[White "Lodici, Lorenzo"]
[Black "Blom, Vincent"]
[Result "1-0"]
[WhiteElo "2463"]
[BlackElo "2298"]
[Annotator "ChessBase"]
[PlyCount "93"]
[EventDate "2019.04.18"]
[EventType "swiss"]
[EventCountry "GER"]
[SourceTitle "playchess.com"]
[Source "ChessBase"]
[SourceQuality "1"]

1. d4 Nf6 2. c4 e6 3. Nc3 Bb4 4. e3 O-O 5. Bd3 c5 6. Nf3 d5 7. cxd5 cxd4 8. exd4 exd5 9. Ne5 Nc6 10. O-O Be6 11. Be3 Ne7 12. Qf3 Ng6 13. Bg5 Be7 14. Bxg6 hxg6 15. Rfe1 Qd6 16. Re3 Bd8 17. h4 Bf5 18. g4 Be6 19. Rae1 Kh7 20. h5 gxh5 21. gxh5 Ng4 22. Nxg4 Bxg5 23. Re5 Bxg4 24. Qxg4 Bd2 25. Rxd5 Qh6 26. Re7 Bxc3 27. bxc3 Rac8 28. Qf5+ Kg8 29. Rdd7 Rxc3 30. Rxf7 Rc1+ 31. Kg2 Rcc8 32. Rxb7 Qc6+ 33. Qf3 Rxf7 34. Rxf7 Qe6 35. Rxa7 Kh8 36. Rf7 Kg8 37. Rf5 Qxa2 38. Qd5+ Qxd5+ 39. Rxd5 Kf7 40. Rd7+ Kf6 41. Kf3 Rc1 42. Rd6+ Kf5 43. Rg6 Rc3+ 44. Ke2 Rc7 45. Kd3 Rd7 46. Kc4 Ke4 47. Re6+ 1-0

[Event "4th GRENKE Open 2019"]
[Site "Karlsruhe"]
[Date "2019.04.21"]
[Round "6.63"]
[White "Mesaros, Florian"]
[Black "Pfrommer, Christoph"]
[Result "1/2-1/2"]
[WhiteElo "2447"]
[BlackElo "2296"]
[Annotator "NA"]
[PlyCount "43"]
[EventDate "2019.04.18"]
[EventType "swiss"]
[EventCountry "GER"]
[SourceTitle "playchess.com"]
[Source "ChessBase"]
[SourceQuality "1"]

1. d4 d5 2. c4 e6 3. Nc3 Nf6 4. cxd5 exd5 5. Bg5 c6 6. e3 Be7 7. Bd3 Nbd7 8. Nge2 h6 9. Bh4 Nh5 10. Bxe7 Qxe7 11. Qc2 Nb6 12. O-O-O Be6 13. Kb1 O-O-O 14. Ng3 Nxg3 15. hxg3 Kb8 16. Rh4 h5 17. Ne2 g6 18. Rdh1 Rhe8 19. Rc1 Nc8 20. Nf4 Nd6 21. Nxe6 Qxe6 22. Qe2 1/2-1/2